Manual de medicina del deporte
Gorde:
| Egile Nagusiak: | , , |
|---|---|
| Formatua: | Liburua |
| Hizkuntza: | gaztelania |
| Argitaratua: |
Barcelona
Toray-Masson
1975
|
| Gaiak: | |
| Etiketak: |
Etiketa erantsi
Etiketarik gabe, Izan zaitez lehena erregistro honi etiketa jartzen!
|
MARC
| LEADER | 00000nam a2200000 a 4500 | ||
|---|---|---|---|
| 001 | UCZ7088 | ||
| 003 | CL-VaPUC | ||
| 008 | 951222e19750000SP |||||||||||||||||spa|d | ||
| 082 | 0 | 4 | |a 617.102 |b GUI |2 21 |
| 100 | 0 | |a Guillet, René |e author |9 351814 | |
| 700 | 0 | |a Genetry, Jean |e author |9 351815 | |
| 700 | 0 | |a Cabot, J. R |e author |9 351816 | |
| 245 | 1 | 0 | |a Manual de medicina del deporte |
| 300 | |a 434 p | ||
| 942 | |c BK | ||
| 945 | |d 19951222 00:00:00 |a cmena | ||
| 260 | |a Barcelona |b Toray-Masson |c 1975 | ||
| 650 | 0 | |a Medicina deportiva |9 307562 | |
| 650 | 0 | |a Efectos fisiológicos |9 327358 | |
| 650 | 0 | |a Historia |9 255047 | |
| 650 | 7 | |a DEPORTE |2 CL-VaPUC |9 351817 | |
| 650 | 0 | |a Educación física |9 240893 | |
| 650 | 7 | |a EJERCICIO |2 CL-VaPUC |9 310040 | |
| 583 | |a last modification |c 19951222 00:00:00 |k Rodrigo Vera | ||
| 999 | |c 243211 |d 243209 | ||
| 952 | |0 0 |1 0 |4 0 |6 617_102000000000000_GUI_1975 |7 0 |8 P |9 256709 |a BIBEDU |b BIBEDU |c BIBEDU_PB |d 2019-11-19 |i 1607987 |o 617.102 GUI 1975 |p 1607987 |r 2024-01-25 |w 2019-11-19 |y BK |k EDU | ||
| 952 | |0 0 |1 0 |4 0 |6 617_102000000000000_GUI_1975 |7 0 |8 P |9 256710 |a BIBEDU |b BIBEDU |c BIBEDU_PB |d 2019-11-19 |i 1632728 |o 617.102 GUI 1975 |p 1632728 |r 2024-01-25 |w 2019-11-19 |y BK |k EDU | ||